LIBRARY & INFORMATION CENTRE, KCAET, TAVANUR

ONLINE PUBLIC ACCESS CATALOGUE (OPAC)

Nanotechnology | A broad spectrum (Record no. 17375)

MARC details
000 -LEADER
fixed length control field 00356nam a22001457a 4500
003 - CONTROL NUMBER IDENTIFIER
control field OSt
008 - FIXED-LENGTH DATA ELEMENTS--GENERAL INFORMATION
fixed length control field 210215b ||||| |||| 00| 0 eng d
020 ## - INTERNATIONAL STANDARD BOOK NUMBER
ISBN 9789380376431
082 ## - DEWEY DECIMAL CLASSIFICATION NUMBER
Classification number 620.43
Item number SIN/NA
100 ## - MAIN ENTRY--AUTHOR NAME
Personal name Singh A P
245 ## - TITLE STATEMENT
Title Nanotechnology
Remainder of title A broad spectrum
260 ## - PUBLICATION, DISTRIBUTION, ETC. (IMPRINT)
Place of publication New Delhi
Name of publisher Axis Publications
Year of publication 2011
300 ## - PHYSICAL DESCRIPTION
Number of Pages 241
942 ## - ADDED ENTRY ELEMENTS (KOHA)
Koha item type Books
Holdings
Withdrawn status Lost status Damaged status Home library Current library Date acquired Full call number Accession Number Koha item type
      KAUAET KAUAET 15/02/2021 620.43 SIN/NA 23807 Books
free website counter